000 00435nam a2200181Ia 4500
001 2216
005 20260306143826.0
008 260306t2020||||xx |||||||||||||| ||spa||
041 _aESP
082 _a616.0756
_bL81
100 _aLoayza Palomino, Carlos,
_eAUT
245 0 _aLa magia del laboratorio clínico
260 _c2020
300 _a131 páginas :
_c24 cm.
650 _aGEN
654 _aCPS
942 _cLIB
_dJUS
_fJUS
_2ddc
_n
999 _c2216
_d2216